Toutes les BD Astérix - Statistiques

Statistiques générales
  • Ce quiz a été pris 43 fois
    3 depuis la dernière actualisation
  • Le résultat moyen est 37 sur 41
Statistiques - réponses
Date de publication Réponse % Correct
1968 Astérix aux jeux olympiques
100%
1979 Astérix chez les Belges
100%
1966 Astérix chez les Bretons
100%
1963 Astérix chez les Goths
100%
1970 Astérix chez les Helvètes
100%
2013 Astérix chez les Pictes
100%
1969 Astérix en Hispanie
100%
2025 Astérix en Lusitanie
100%
1965 Astérix et Cléopatre
100%
2021 Astérix et le Griffon
100%
1966 Astérix et les normands
100%
1964 Astérix Gladiateur
100%
1961 Astérix le Gaulois
100%
1967 Astérix légionnaire
100%
1996 La galère d'Obélix
100%
1991 La rose et le Glaive
100%
1962 La serpe d'or
100%
1970 La Zizanie
100%
1968 Le bouclier arverne
100%
1974 Le cadeau de Cesar
100%
2005 Le ciel lui tombe sur la tête
100%
1972 Le devin
100%
1971 Le domaine des dieux
100%
1983 Le fils d'Astérix
100%
1980 Le grand fossé
100%
2015 Le papyrus de César
100%
1972 Les lauriers de César
100%
1965 Le tour de Gaule d'Astérix
100%
2023 L'iris blanc
100%
1981 L'odyssée d'Astérix
100%
1976 Obélix et Compagnie
100%
1973 Astérix en Corse
67%
2003 Astérix et la rentrée gauloise
67%
2017 Astérix et la Transitalique
67%
2001 Astérix et Latraviata
67%
1969 Astérix et le chaudron
67%
2019 La fille de Vercingétorix
67%
1975 La grande traversée
67%
1966 Le combat des chefs
67%
2009 L'anniversaire d'Astérix et Obélix
33%
1987 Astérix chez Razhade
0%
Aucun quiz correspondant
Distribution des résultats
% des personnes avec chaque résultat
Percentile par nombre de réponses
Votre historique - résultats
Vous n’avez pas pris ce quiz depuis la dernière actualisation